000 00860nam a2200289 a 4500
001 22844
003 SK-KTurca
005 20260429131134.0
008 950830s1995 xo 000 1 slo c
020 _a8071181528 (viaz.)
035 _aUKB000003331
040 _aBAA001
_bslo
_cBAA001
_eAACR2
041 1 _aslo
_hger
044 _axo
_cSK
080 _a830-311.1
100 1 _aHammesfahr, Petra,
_d1951-
245 1 0 _aBrunova veľká láska
_cPetra Hammesfahrová ; z nemeckého originálu preložila Viera Švenková
260 _aBratislava
_bIkar
_c1995
300 _a198 s.
530 _aDostupný aj zvukový záznam
650 0 7 _aliteratúra nemecká
650 0 7 _aromány psychologické
653 _a830-311.1
700 1 _aŠvenková, Viera,
_d1937-
_4trl
776 0 _tBrunova veľká láska
_i[zvukový záznam]
942 _2ddc
_cKLDO
_n0
999 _c22844
_d22844